| 000 -LEADER |
| fixed length control field |
00669nam a22001937a 4500 |
| 005 - DATE AND TIME OF LATEST TRANSACTION |
| control field |
20240125142840.0 |
| 008 - FIXED-LENGTH DATA ELEMENTS--GENERAL INFORMATION |
| fixed length control field |
240125s2019 enk||||| |||| 00| 0 eng d |
| 020 ## - INTERNATIONAL STANDARD BOOK NUMBER |
| International Standard Book Number |
9781947604049x |
| 041 ## - LANGUAGE CODE |
| Language code of text/sound track or separate title |
eng |
| 080 ## - UNIVERSAL DECIMAL CLASSIFICATION NUMBER |
| Universal Decimal Classification number |
81(073) D-65 |
| 100 ## - MAIN ENTRY--PERSONAL NAME |
| Personal name |
Dixon, Juli K. |
| 9 (RLIN) |
21131 |
| 245 ## - TITLE STATEMENT |
| Title |
Making Sense of Mathematics for Teaching the Small Group |
| Statement of responsibility, etc. |
Juli K. Dixon, Lisa A. Brooks, Melissa R. Carli. |
| 264 ## - PRODUCTION, PUBLICATION, DISTRIBUTION, MANUFACTURE, AND COPYRIGHT NOTICE |
| Place of production, publication, distribution, manufacture |
Bloomington : |
| Name of producer, publisher, distributor, manufacturer |
Solution Tree Press, |
| Date of production, publication, distribution, manufacture, or copyright notice |
2019. |
| 300 ## - PHYSICAL DESCRIPTION |
| Extent |
83 p. : |
| Other physical details |
ill.; |
| Dimensions |
28 cm. |
| 653 ## - INDEX TERM--UNCONTROLLED |
| keyword |
მათემატიკა |
| 700 ## - ADDED ENTRY--PERSONAL NAME |
| Personal name |
Brooks, Lisa A. |
| Relator term |
ავტორი |
| 9 (RLIN) |
21132 |
| 700 ## - ADDED ENTRY--PERSONAL NAME |
| Personal name |
Carli, Melissa R. |
| Relator term |
ავტორი |
| 9 (RLIN) |
21133 |
| 942 ## - ADDED ENTRY ELEMENTS (KOHA) |
| Source of classification or shelving scheme |
|
| Koha item type |
წიგნი |